008370000a22002050004500020001800000082001500018100002100033245008100054260005200135300002200187500003400209501001500243504004000258505015200298650008700450001000600537336002700543337003300570338002800603 a0-521-43285-504aG 230 T68t1 aLoughlin, Gerard10aTelling God's story : Bible, church and narrative theology / Gerard Loughlin aCambridge, England : Cambridge University Press axv, 266 páginas aIncluye índice (p. 262-266) aPasta dura aIncluye bibliografía (p. 246-261)00aContando la historia de Dios: Biblia, iglesia y teología narrativa - El consumo de texto - Lectura y escritura - Vínculos - Comiendo la palabra14aDios (Historia de las doctrinas) \ Biblia - Interpretación \ Biblia - Teología19972 atextobtxt2rdacontent 2rdamediaasin mediaciónbn 2rdacarrieravolumenbnc